Roberto Fernández Retamar: Calibán y la literatura de nuestra América /
Պահպանված է:
| Այլ հեղինակներ: | , , |
|---|---|
| Ձևաչափ: | Անհայտ |
| Լեզու: | Spanish |
| Հրապարակվել է: |
Chicago:
ECOS,
1985
|
| Շարք: | Series in cultural & literary theory
1 |
| Խորագրեր: | |
| Ցուցիչներ: |
Ավելացրեք ցուցիչ
Չկան պիտակներ, Եղեք առաջինը, ով նշում է այս գրառումը!
|
MARC
| LEADER | 000000000a22000000004500 | ||
|---|---|---|---|
| 001 | 001031 | ||
| 008 | 170622s1985 us ||||| |||| 00| 0 spa d | ||
| 041 | 0 | |a español | |
| 082 | |a Cu864.09 |b F363r | ||
| 245 | 1 | 0 | |a Roberto Fernández Retamar: |b Calibán y la literatura de nuestra América / |c Fidel Rodríguez, entrevistador, Ileana Rodríguez, entrevistadora, Marc Zimmerman, entrevistador |
| 260 | |a Chicago: |b ECOS, |c 1985 | ||
| 300 | |a 16 páginas | ||
| 490 | 1 | |a Series in cultural & literary theory |v 1 | |
| 500 | |a Número de inscripción 12582 (George Yúdice) | ||
| 650 | 4 | |a FERNANDEZ RETAMAR, ROBERTO, 1930- . CALIBAN | |
| 700 | 1 | 2 | |a Coloma, Fidel, |e introductor |
| 700 | 1 | 2 | |a Rodríguez, Ileana, |e entrevistador |
| 700 | 1 | 2 | |a Zimmerman, Marc, |e entrevistador |
| 942 | |2 ddc |c BK | ||
| 999 | |c 2157 |d 2157 | ||
